[Event "DEM U16w 2023"]
[Site "Willingen GER"]
[Date "2023.05.28"]
[Round "1"]
[White "Peglau, Dora"]
[Black "Neumann, Helena"]
[Result "1-0"]
[Termination "normal"]
[Board "1"]
[WhiteElo "2002"]
[BlackElo "1407"]
[PlyCount "95"]
[WhiteFideId "16220005"]
[BlackFideId "16275365"]
[EventCountry "GER"]
[EventRounds "9"]
[EventType "swiss"]
[EventDate "2023.05.27"]

{normal} 1. Nf3 1... d5 2. e3 Nf6 3. b3 Bf5 4. Bb2 e6 5. d3 Be7 6. Nbd2 h6 7.
Be2 O-O 8. O-O c5 9. c4 Nc6 10. d4 Ne4 11. Nxe4 dxe4 12. Ne1 Bf6 13. Nc2 Qd7
14. Rb1 cxd4 15. Nxd4 Nxd4 16. Bxd4 Bxd4 17. Qxd4 Rfd8 18. Rbd1 Qc7 19. Qc3 a5
20. Rd4 e5 21. Rdd1 b5 22. h3 Be6 23. Rc1 Rac8 24. Qb2 b4 25. Rfd1 Rxd1+ 26.
Rxd1 Rd8 27. Rxd8+ Qxd8 28. g4 Qd6 29. Qc2 Qc6 30. Bf1 g6 31. Qd2 Qd7 32. Qc2
f5 33. gxf5 gxf5 34. c5 Kf7 35. c6 Qc7 36. Qc5 Kg6 37. Qb5 Bc8 38. Qd5 Kf6 39.
Bc4 Qg7+ 40. Kh2 Qc7 41. Bb5 Be6 42. Qc5 f4 43. Qf8+ Kg5 44. h4+ Kg6 45. Qe8+
Kf6 46. h5 Qg7 47. Qd8+ Kf5 48. Bf1 1-0

[Event "DEM U16w 2023"]
[Site "Willingen GER"]
[Date "2023.05.28"]
[Round "1"]
[White "Jacobasch, Ronja"]
[Black "Bräutigam, Katerina"]
[Result "0-1"]
[Termination "normal"]
[Board "2"]
[WhiteElo "1595"]
[BlackElo "1956"]
[PlyCount "74"]
[WhiteFideId "34604340"]
[BlackFideId "16242980"]
[EventCountry "GER"]
[EventRounds "9"]
[EventType "swiss"]
[EventDate "2023.05.27"]

{normal} 1. Nf3 1... Nf6 2. g3 g6 3. Bg2 Bg7 4. d4 d6 5. c4 O-O 6. O-O Nbd7 7.
Nc3 c5 8. e3 Rb8 9. Qe2 a6 10. a4 Qc7 11. Bd2 Re8 12. Rab1 Nb6 13. b3 Bf5 14.
dxc5 Qxc5 15. e4 Bg4 16. h3 Bxf3 17. Bxf3 Nbd7 18. b4 Qc8 19. Bf4 Nb6 20. c5 e5
21. Be3 dxc5 22. Bxc5 Nbd7 23. Nd5 Nxd5 24. exd5 e4 25. Bg2 Nxc5 26. Rfc1 Qd7
27. Rxc5 Qxa4 28. Qc2 Qd7 29. Rc4 f5 30. Qd1 Rbd8 31. Rbc1 Qxd5 32. Qxd5+ Rxd5
33. Rc7 Rb5 34. R7c4 Bf8 35. Bf1 Rxb4 36. Rxb4 Bxb4 37. Rb1 a5 0-1

[Event "DEM U16w 2023"]
[Site "Willingen GER"]
[Date "2023.05.28"]
[Round "1"]
[White "Trunz, Michelle"]
[Black "Nguyen, Jenny Ha-Linh"]
[Result "1-0"]
[Termination "normal"]
[Board "3"]
[WhiteElo "1972"]
[BlackElo "1554"]
[PlyCount "66"]
[WhiteFideId "16227980"]
[BlackFideId "16209729"]
[EventCountry "GER"]
[EventRounds "9"]
[EventType "swiss"]
[EventDate "2023.05.27"]

{normal} 1. d4 1... Nf6 2. c4 g6 3. Nc3 Bg7 4. e4 d6 5. h3 O-O 6. Nf3 Na6 7.
Bg5 c5 8. d5 Nc7 9. Bd3 Bd7 10. O-O Rb8 11. Qe2 h6 12. Be3 Qe8 13. e5 dxe5 14.
Bxc5 b6 15. Ba3 b5 16. d6 b4 17. dxc7 Rb7 18. Bxb4 Rxb4 19. Nxe5 Rb7 20. Rac1
Rxc7 21. b4 Be6 22. Nxg6 fxg6 23. Qxe6+ Kh7 24. c5 Rc6 25. Qe2 Rc8 26. Rfe1 Rc7
27. Nb5 Rb7 28. c6 Rb6 29. c7 Qd7 30. Nxa7 Rd6 31. Bb5 Qf5 32. c8=Q Rxc8 33.
Nxc8 Rb6 1-0

[Event "DEM U16w 2023"]
[Site "Willingen GER"]
[Date "2023.05.28"]
[Round "1"]
[White "Rotärmel, Leonie"]
[Black "Sereda, Yaroslava"]
[Result "0-1"]
[Termination "normal"]
[Board "4"]
[WhiteElo "1606"]
[BlackElo "1890"]
[PlyCount "42"]
[WhiteFideId "16281390"]
[BlackFideId "14178940"]
[EventCountry "GER"]
[EventRounds "9"]
[EventType "swiss"]
[EventDate "2023.05.27"]

{normal} 1. e4 1... c5 2. Nf3 Nc6 3. d4 cxd4 4. Nxd4 g6 5. Nc3 Bg7 6. Be3 Nf6
7. Bc4 O-O 8. Bb3 d5 9. Bxd5 Ng4 10. Nxc6 bxc6 11. Bxf7+ Kxf7 12. Qd2 Nxe3 13.
Qxe3 Qb6 14. Qxb6 axb6 15. Nd1 Be6 16. a3 b5 17. c3 Rfd8 18. Ne3 b4 19. Nd1
bxa3 20. Rxa3 Rxa3 21. bxa3 Ra8 0-1

[Event "DEM U16w 2023"]
[Site "Willingen GER"]
[Date "2023.05.28"]
[Round "1"]
[White "Hubert, Charlotte"]
[Black "Bursan, Ana-Maria"]
[Result "1-0"]
[Termination "normal"]
[Board "5"]
[WhiteElo "1842"]
[BlackElo "1412"]
[PlyCount "69"]
[WhiteFideId "16265920"]
[BlackFideId "34620150"]
[EventCountry "GER"]
[EventRounds "9"]
[EventType "swiss"]
[EventDate "2023.05.27"]

{normal} 1. e4 1... c5 2. Nf3 Nc6 3. Bb5 Nf6 4. e5 Nd5 5. c4 Ndb4 6. d3 g6 7.
O-O Bg7 8. a3 Qa5 9. Bd2 Nxe5 10. Nxe5 Bxe5 11. Re1 Bxb2 12. Qe2 Bf6 13. Nc3
O-O 14. axb4 Qxb4 15. Nd5 Qb2 16. Rab1 Qd4 17. Bc3 Qh4 18. g3 Qg5 19. h4 Qf5
20. Bxf6 Qxd5 21. cxd5 exf6 22. Qe7 a6 23. Ra1 d6 24. Bd7 f5 25. Bxc8 Raxc8 26.
Qxb7 c4 27. dxc4 Rxc4 28. Rxa6 Rd8 29. Re7 Rc1+ 30. Kg2 Rf8 31. Ra7 f4 32. Rxf7
f3+ 33. Rxf3 Rg1+ 34. Kxg1 Rxf3 35. Qg7# 1-0

[Event "DEM U16w 2023"]
[Site "Willingen GER"]
[Date "2023.05.28"]
[Round "1"]
[White "Ulrich, Helena Irene"]
[Black "Voigt, Anastasia"]
[Result "0-1"]
[Termination "normal"]
[Board "6"]
[WhiteElo "1609"]
[BlackElo "1821"]
[PlyCount "90"]
[WhiteFideId "16256000"]
[BlackFideId "16235223"]
[EventCountry "GER"]
[EventRounds "9"]
[EventType "swiss"]
[EventDate "2023.05.27"]

{normal} 1. e4 1... e5 2. Nf3 Nc6 3. d4 exd4 4. Nxd4 Bc5 5. Be3 Qf6 6. c3 Nge7
7. Bc4 O-O 8. O-O b6 9. Na3 Bb7 10. Nac2 Ne5 11. Bd3 Qg6 12. f3 Nxd3 13. Qxd3
d5 14. Qd2 dxe4 15. f4 f5 16. Rad1 Qf7 17. a3 Bd5 18. Qf2 Bc4 19. Rfe1 a5 20.
Ne2 Bxe3 21. Nxe3 Rad8 22. Nd4 c5 23. Ne2 Bb3 24. Rxd8 Rxd8 25. Nc1 Be6 26. Rd1
Qe8 27. Qe2 Rd7 28. Rd2 Qd8 29. Rxd7 Qxd7 30. Kf2 b5 31. Qd1 Qxd1 32. Nxd1 Kf7
33. Ne3 Nd5 34. Nxd5 Bxd5 35. Ke3 a4 36. Ne2 Bc4 37. Ng3 g6 38. Kd2 Ke6 39. Ke3
Kd5 40. Nh1 Bf1 41. Kf2 Bd3 42. Ke3 Kc4 43. Nf2 Kb3 44. Nxd3 exd3 45. Kxd3 c4+
0-1

[Event "DEM U16w 2023"]
[Site "Willingen GER"]
[Date "2023.05.28"]
[Round "1"]
[White "Fischer, Darja"]
[Black "Stepanjan, Marianne"]
[Result "1/2-1/2"]
[Termination "normal"]
[Board "7"]
[WhiteElo "1847"]
[BlackElo "1465"]
[PlyCount "108"]
[WhiteFideId "16240898"]
[BlackFideId "16246110"]
[EventCountry "GER"]
[EventRounds "9"]
[EventType "swiss"]
[EventDate "2023.05.27"]

{normal} 1. d4 1... Nf6 2. c4 g6 3. Nc3 Bg7 4. e4 d6 5. Nf3 O-O 6. Be2 e5 7.
O-O Nc6 8. Be3 Nh5 9. dxe5 dxe5 10. Qxd8 Rxd8 11. Nb5 Nd4 12. Bxd4 exd4 13.
Nxc7 Rb8 14. Ne1 Nf4 15. Bd3 f5 16. exf5 Nxd3 17. Nxd3 Bxf5 18. Rad1 Rbc8 19.
Nd5 Rxc4 20. Ne7+ Kf8 21. Nxf5 gxf5 22. Rc1 Rdc8 23. Rxc4 Rxc4 24. Rc1 Rxc1+
25. Nxc1 Ke7 26. Kf1 Ke6 27. Ke2 Be5 28. h3 h5 29. b3 Kd5 30. Kd3 h4 31. Ke2 b5
32. Kf3 a5 33. Nd3 a4 34. g3 hxg3 35. fxg3 axb3 36. axb3 Bd6 37. h4 Ke6 38. g4
fxg4+ 39. Kxg4 Kf6 40. h5 Bf8 41. Kf4 b4 42. Ke4 Kg5 43. Kxd4 Kxh5 44. Kc4 Kg5
45. Nxb4 Kf5 46. Nd3 Ba3 47. Kd5 Kf6 48. Ne5 Ke7 49. Kc6 Kd8 50. Kb5 Kc8 51.
Nc4 Bf8 52. Nb6+ Kc7 53. Nd5+ Kb7 54. Nb4 Bxb4 1/2-1/2

[Event "DEM U16w 2023"]
[Site "Willingen GER"]
[Date "2023.05.28"]
[Round "1"]
[White "Englert, Lin"]
[Black "Wilmink, Anna"]
[Result "0-1"]
[Termination "normal"]
[Board "8"]
[WhiteElo "1447"]
[BlackElo "1734"]
[PlyCount "122"]
[WhiteFideId "16226410"]
[BlackFideId "16273680"]
[EventCountry "GER"]
[EventRounds "9"]
[EventType "swiss"]
[EventDate "2023.05.27"]

{normal} 1. d4 1... d5 2. c4 c6 3. Nc3 e5 4. cxd5 cxd5 5. dxe5 d4 6. Nb1 Qa5+
7. Bd2 Qxe5 8. Nf3 Qd6 9. Qc2 Nc6 10. Na3 Qd5 11. Qc4 Qxc4 12. Nxc4 Nf6 13. a3
Be6 14. Nce5 Nxe5 15. Nxe5 Bc5 16. Rc1 Bb6 17. Nc4 Bxc4 18. Rxc4 O-O 19. g3 Ne4
20. Bg2 f5 21. Bf4 Rac8 22. Rxc8 Rxc8 23. Bxe4 fxe4 24. Kd2 Kf7 25. Rc1 e3+ 26.
fxe3 dxe3+ 27. Kd1 Rd8+ 28. Ke1 Rd2 29. Be5 Rd5 30. Bb8 g5 31. Rd1 Rc5 32. Rd3
Rc1+ 33. Rd1 Rc2 34. Be5 Rc6 35. Bc3 Rh6 36. Rd7+ Ke6 37. Rxb7 Rxh2 38. Kd1 h5
39. Rh7 g4 40. Rh6+ Kd5 41. b3 Bc5 42. a4 Bd6 43. Rh7 Bxg3 44. Rxa7 Bd6 45.
Ra5+ Kc6 46. Ra6+ Kd5 47. Ra5+ Ke4 48. Rg5 g3 49. a5 g2 50. Kc2 g1=Q 51. Rxg1
Rxe2+ 52. Kb1 Kd3 53. Be1 Ba3 54. Rh1 Rb2+ 55. Ka1 Rc2 56. a6 Rc1+ 57. Ka2 Bc5
58. Rxh5 Bd4 59. b4 Rxe1 60. b5 Kc4 61. Rh4 Ra1# 0-1

[Event "DEM U16w 2023"]
[Site "Willingen GER"]
[Date "2023.05.28"]
[Round "1"]
[White "von Beckh, Frieda"]
[Black "Ottlik, Marie"]
[Result "1/2-1/2"]
[Termination "normal"]
[Board "9"]
[WhiteElo "1673"]
[BlackElo "1552"]
[WhiteClock "01:02:23"]
[BlackClock "00:33:54"]
[PlyCount "118"]
[WhiteFideId "16233751"]
[BlackFideId "16281730"]
[EventCountry "GER"]
[EventRounds "9"]
[EventType "swiss"]
[EventDate "2023.05.27"]

1. e4 {[%emt 10:48:09]} 1... c5 2. Nc3 Nc6 3. f4 g6 4. Nf3 Bg7 5. Bb5 Nd4 6.
O-O Nxb5 7. Nxb5 d5 8. exd5 a6 9. Nc3 Nf6 10. d4 Nxd5 11. dxc5 Nxc3 12. Qxd8+
Kxd8 13. bxc3 Bxc3 14. Rb1 Kc7 15. Rb3 Bf6 16. Bd2 Be6 17. Ba5+ Kc6 18. Ne5+
Bxe5 19. Rb6+ Kxc5 20. fxe5 Bd5 21. c4 21... Bxc4 {[%emt 0:42:51]} 22. Rd1
{[%emt 0: 00:07]} 22... Rad8 23. Rb5+ {[%emt 0:06:24]} 23... Bxb5 24. Rxd8 Rxd8
25. Bxd8 Kd5 26. Bxe7 Kxe5 27. Kf2 Bc4 28. a3 b5 29. Ke3 Be6 30. Bb4 Kd5 31.
Kd3 Bf5+ 32. Kc3 h5 33. Ba5 Be4 34. g3 Bf5 35. Kb4 Ke4 36. Bc7 Bh3 37. Ka5 Kf3
38. Kxa6 Kg2 39. Kxb5 Kxh2 40. Kc5 Kg2 41. a4 Kf3 42. Kd5 f5 43. a5 Kg4 44. a6
Bg2+ 45. Kd4 g5 46. Ke3 h4 47. gxh4 Kxh4 48. Kf2 Bc6 49. a7 f4 50. Bd6 Kg4 51.
Bc7 Kf5 52. Bb6 g4 53. Bc5 g3+ 54. Kf1 Kg4 55. Bb6 f3 56. Be3 Kf5 57. Bb6 Ke4
58. Bc5 Kd3 59. Bd6 g2+ 1/2-1/2

[Event "DEM U16w 2023"]
[Site "Willingen GER"]
[Date "2023.05.28"]
[Round "1"]
[White "Malmström, Eva"]
[Black "Reddi, Bhuvana"]
[Result "1-0"]
[Termination "normal"]
[Board "10"]
[WhiteElo "1454"]
[BlackElo "1735"]
[WhiteClock "01:10:13"]
[BlackClock "00:57:19"]
[PlyCount "101"]
[WhiteFideId "34607072"]
[BlackFideId "16287002"]
[EventCountry "GER"]
[EventRounds "9"]
[EventType "swiss"]
[EventDate "2023.05.27"]

1. e4 {[%emt 10:39:10]} 1... e5 2. Nf3 Nc6 3. Bc4 Be7 4. d4 exd4 5. Nxd4 d6 6.
Nc3 Nxd4 7. Qxd4 Bf6 8. Qd3 8... Ne7 {[%emt 0:42:51]} 9. Be3 Ng6 10. f4 O-O 11.
O-O-O Re8 12. Nd5 Be6 13. g3 Bg4 14. Rdf1 Be6 15. Bd4 Bxd4 16. Qxd4 c6 17. Nc3
Bxc4 18. Qxc4 Qd7 19. Rd1 Rad8 20. Rd2 Qe6 21. Qb4 Qe7 22. Rhd1 c5 23. Qc4 Rd7
24. Qe2 Red8 25. h4 Qf8 26. h5 Ne7 27. g4 Nc8 28. g5 Qe7 29. Nd5 Qe6 30. f5 Qe5
31. Qg4 Nb6 32. Nxb6 axb6 33. Rd5 Qe7 34. h6 g6 35. Qf4 Re8 36. Rxd6 Rxd6 37.
Rxd6 gxf5 38. exf5 Qe1+ 39. Rd1 Qe7 40. b3 Ra8 41. Kb2 Kf8 42. Qd6 Re8 43.
Qxe7+ Kxe7 44. Re1+ Kf8 45. Rxe8+ Kxe8 46. Kc3 Kf8 47. Kc4 f6 48. g6 hxg6 49.
fxg6 Kg8 50. Kd5 Kf8 51. Ke6 1-0

[Event "DEM U16w 2023"]
[Site "Willingen GER"]
[Date "2023.05.28"]
[Round "1"]
[White "Prinzen, Siri Marleen"]
[Black "Kern, Jennifer"]
[Result "0-1"]
[Termination "normal"]
[Board "11"]
[WhiteElo "1724"]
[BlackElo "1333"]
[WhiteClock "00:37:49"]
[BlackClock "01:16:46"]
[PlyCount "70"]
[WhiteFideId "16265912"]
[BlackFideId "16251350"]
[EventCountry "GER"]
[EventRounds "9"]
[EventType "swiss"]
[EventDate "2023.05.27"]

1. d4 {[%emt 10:48:10]} 1... Nf6 2. Bf4 e6 3. e3 d5 4. Nd2 Bd6 5. Bg3 O-O 6.
Ngf3 c5 7. c3 b6 8. Bd3 Ba6 9. Qe2 Bxd3 10. Qxd3 Qc7 11. Bxd6 Qxd6 12. Ne5 Nfd7
13. f4 f6 14. Nxd7 Nxd7 15. O-O 15... e5 {[%emt 0:00:01]} 16. dxe5 {[%emt
0:42:47]} 16... fxe5 17. e4 {[%emt 0:00:09]} 17... d4 18. Nc4 Qc7 19. f5 Nf6
20. Rae1 Rae8 21. Rf3 b5 22. Nd2 c4 23. Qe2 d3 24. Qf2 a5 25. h3 b4 26. Rc1 Qb7
27. Qc5 Rc8 28. Qxe5 Rfe8 29. Qf4 Nxe4 30. Re1 bxc3 31. Nxe4 Rxe4 32. Qc1 cxb2
33. Qb1 Rd8 34. Kh2 Qb8+ 35. Kg1 Re2 0-1

[Event "DEM U16w 2023"]
[Site "Willingen GER"]
[Date "2023.05.28"]
[Round "1"]
[White "Heuberger, Sandra"]
[Black "Reich, Elisabeth"]
[Result "0-1"]
[Termination "normal"]
[Board "12"]
[WhiteElo "1196"]
[BlackElo "1551"]
[WhiteClock "01:31:09"]
[BlackClock "01:31:33"]
[PlyCount "112"]
[WhiteFideId "16232151"]
[BlackFideId "16239776"]
[EventCountry "GER"]
[EventRounds "9"]
[EventType "swiss"]
[EventDate "2023.05.27"]

1. d4 g6 2. Nf3 Bg7 3. e4 d6 4. Bf4 Nf6 5. Bd3 O-O 6. O-O Nh5 7. Be3 e5 8. Nbd2
Nf4 9. dxe5 Nxd3 10. cxd3 dxe5 11. Nc4 Bg4 12. Bc5 Re8 13. h3 Bxf3 14. Qxf3 Na6
15. Be3 Qxd3 16. Rac1 Qd7 17. Rfd1 Qe7 18. Rd2 Red8 19. Rcd1 Rxd2 20. Rxd2 b6
21. Qg4 Rd8 22. Bg5 f6 23. Rxd8+ Qxd8 24. Qe6+ Kf8 25. Nxe5 Qe7 26. Nd7+ Ke8
27. Nxf6+ Bxf6 28. Qxf6 Qxf6 29. Bxf6 Nc5 30. e5 Kf7 31. g4 Ke6 32. Kg2 Nd3 33.
b3 Nxe5 34. Bxe5 Kxe5 35. Kf3 g5 36. Ke3 c5 37. a3 b5 38. Kd3 Kf4 39. Ke2 h6
40. Kd2 Kf3 41. Ke1 Kg2 42. h4 gxh4 43. f4 h3 44. f5 h2 45. f6 h1=Q+ 46. Ke2
Qf1+ 47. Kd2 Qxf6 48. Kc2 Kf3 49. Kb1 Qc3 50. g5 hxg5 51. a4 Qd2 52. axb5 Ke3
53. b6 axb6 54. b4 Kd3 55. b5 Kc3 56. Ka1 Qb2# 0-1

[Event "DEM U16w 2023"]
[Site "Willingen GER"]
[Date "2023.05.28"]
[Round "1"]
[White "Fetahovic, Sarah"]
[Black "Petrosyan, Ani"]
[Result "1-0"]
[Termination "normal"]
[Board "13"]
[WhiteElo "1423"]
[BlackElo "1370"]
[WhiteClock "00:34:20"]
[BlackClock "00:56:35"]
[PlyCount "67"]
[WhiteFideId "34601546"]
[BlackFideId "16248015"]
[EventCountry "GER"]
[EventRounds "9"]
[EventType "swiss"]
[EventDate "2023.05.27"]

1. e4 c6 2. d4 d5 3. exd5 cxd5 4. Bd3 Nc6 5. c3 Nf6 6. Bf4 g6 7. Nd2 Bf5 8.
Bxf5 gxf5 9. Qb3 Qd7 10. h3 Bg7 11. Ngf3 O-O 12. O-O-O {[%emt 0: 02:27]} 12...
Rfc8 13. Kb1 Nh5 14. Bh2 a6 15. g4 fxg4 16. hxg4 Nf6 17. Qc2 Nb4 18. Qf5 Qxf5+
19. gxf5 Nd3 20. Bg3 Ng4 21. Rdf1 b5 22. a3 b4 23. Kc2 Nxb2 24. axb4 Nc4 25.
Ra1 Nxd2 26. Kxd2 Rc6 27. Ne5 Nxe5 28. Bxe5 Bxe5 29. dxe5 Rac8 30. Rag1+ Kh8
31. Rg3 Rg8 32. Rgh3 Rg7 33. Kd3 Rc4 34. f6 1-0

[Event "DEM U16w 2023"]
[Site "Willingen GER"]
[Date "2023.05.28"]
[Round "2"]
[White "Voigt, Anastasia"]
[Black "Peglau, Dora"]
[Result "0-1"]
[Termination "normal"]
[Board "1"]
[WhiteElo "1821"]
[BlackElo "2002"]
[WhiteClock "00:15:26"]
[BlackClock "00:12:17"]
[PlyCount "65"]
[WhiteFideId "16235223"]
[BlackFideId "16220005"]
[EventCountry "GER"]
[EventRounds "9"]
[EventType "swiss"]
[EventDate "2023.05.27"]

1. e4 {[%emt 0:02:38]} c5 {[%emt 0:00:09]} 2. Nf3 {[%emt 0:00:04]} e6 {[%emt
0:00:07]} 3. d4 {[%emt 0:00:03]} cxd4 {[%emt 0:00:05]} 4. Nxd4 {[%emt 0:00:04]}
a6 {[%emt 0:00:07]} 5. c4 {[%emt 0:00:04]} Nf6 {[%emt 0:00:05]} 6. Nc3 {[%emt
0:00:03]} Bb4 {[%emt 0:00:05]} 7. Bd3 {[%emt 0:05:47]} Nc6 {[%emt 0:00:17]} 8.
Nde2 {[%emt 0:01:41]} O-O {[%emt 0:12:38]} 9. O-O {[%emt 0:00:41]} b6 {[%emt
0:08:40]} 10. a3 {[%emt 0:04:05]} Be7 {[%emt 0:00:29]} 11. f3 {[%emt 0:04:20]}
Bb7 {[%emt 0:01:32]} 12. Nf4 {[%emt 0:08:28]} Qc7 {[%emt 0:02:12]} 13. Be2
{[%emt 0:05:00]} Bd6 {[%emt 0:07:34]} 14. g3 {[%emt 0:02:58]} Na5 {[%emt
0:11:05]} 15. Be3 {[%emt 0:13:46]} Bc5 {[%emt 0:05:34]} 16. Ng2 {[%emt
0:02:39]} Bxe3+ {[%emt 0:20:51]} 17. Nxe3 {[%emt 0:00:06]} Qc5 {[%emt 0:00:06]}
18. Kf2 {[%emt 0:01:13]} Nc6 {[%emt 0:03:22]} 19. Na4 {[%emt 0:04:27]} Qh5
{[%emt 0:03:34]} 20. Kg2 {[%emt 0:04:28]} b5 {[%emt 0:02:28]} 21. cxb5 {[%emt
0:04:21]} axb5 {[%emt 0:00:13]} 22. f4 {[%emt 0:03:20]} Qg6 {[%emt 0:00:13]}
23. Nc5 {[%emt 0:01:13]} Nd8 {[%emt 0:08:13]} 24. Bf3 {[%emt 0:18:15]} Nxe4 25.
Nxd7 Re8 26. Ne5 Qf6 27. Qd4 Ra4 28. b4 Ng5 29. Bxb7 Nxb7 30. fxg5 Qxg5 31. h4
Qh5 32. Rxf7 Rd8 33. Qf4 0-1

[Event "DEM U16w 2023"]
[Site "Willingen GER"]
[Date "2023.05.28"]
[Round "2"]
[White "Bräutigam, Katerina"]
[Black "Fetahovic, Sarah"]
[Result "1-0"]
[Termination "normal"]
[Board "2"]
[WhiteElo "1956"]
[BlackElo "1423"]
[WhiteClock "00:01:28"]
[BlackClock "00:00:43"]
[PlyCount "113"]
[WhiteFideId "16242980"]
[BlackFideId "34601546"]
[EventCountry "GER"]
[EventRounds "9"]
[EventType "swiss"]
[EventDate "2023.05.27"]

1. e4 {[%emt 0:00:01]} e5 {[%emt 0:00:07]} 2. Nf3 {[%emt 0:00:04]} Nc6 {[%emt
0:00:09]} 3. Bb5 {[%emt 0:00:04]} a6 {[%emt 0:00:13]} 4. Ba4 {[%emt 0:00:04]}
Nf6 {[%emt 0:00:21]} 5. d3 {[%emt 0:00:05]} b5 {[%emt 0:06:56]} 6. Bb3 {[%emt
0:00:12]} Bc5 {[%emt 0:01:30]} 7. O-O {[%emt 0:00:22]} d6 {[%emt 0:02:06]} 8.
c3 {[%emt 0:00:31]} O-O {[%emt 0:04:04]} 9. h3 {[%emt 0:00:12]} h6 {[%emt
0:06:10]} 10. Re1 {[%emt 0:00:57]} Re8 {[%emt 0:06:41]} 11. Nbd2 {[%emt
0:00:27]} Bb6 {[%emt 0:12:26]} 12. Nf1 {[%emt 0:01:17]} Na5 {[%emt 0:10:55]}
13. Bc2 {[%emt 0:01:04]} c5 {[%emt 0:05:20]} 14. Ng3 {[%emt 0:08:30]} Bb7
{[%emt 0:07:10]} 15. d4 {[%emt 0:04:26]} exd4 {[%emt 0:11:03]} 16. cxd4 {[%emt
0:02:12]} cxd4 {[%emt 0:02:08]} 17. Nxd4 {[%emt 0:03:27]} Rc8 {[%emt 0:03:56]}
18. Ndf5 {[%emt 0:05:02]} Qc7 {[%emt 0:04:46]} 19. Bd3 {[%emt 0:09:46]} d5
{[%emt 0:05:03]} 20. Qf3 {[%emt 0:39:07]} dxe4 {[%emt 0:06:02]} 21. Nxe4 {[%emt
0:03:56]} Bxe4 {[%emt 0:01:45]} 22. Bxe4 {[%emt 0:01:13]} Rxe4 {[%emt 0:00:48]}
23. Rxe4 {[%emt 0:01:22]} Nxe4 {[%emt 0:00:03]} 24. Qxe4 {[%emt 0:01:18]} Nc6
{[%emt 0:01:38]} 25. Bxh6 {[%emt 0:06:05]} g6 {[%emt 0:00:39]} 26. Qh4 {[%emt
0:06:36]} Qd8 {[%emt 0:00:59]} 27. Bg5 {[%emt 0:01:31]} Qd7 {[%emt 0:00:12]}
28. Ne7+ {[%emt 0:03:06]} Nxe7 {[%emt 0:00:41]} 29. Bf6 Bxf2+ 30. Kxf2 Qf5+ 31.
Kg1 Kf8 32. Qh8+ Ng8 33. Qg7+ Ke8 34. Qxg8+ Kd7 35. Rd1+ Kc7 36. Rc1+ Kb7 37.
Qxf7+ Kb8 38. Rxc8+ Qxc8 39. Be5+ Ka8 40. Bd4 Qc1+ 41. Kh2 Kb8 42. Qa7+ Kc8 43.
Qxa6+ Kd8 44. Qd6+ Ke8 45. Qxg6+ Kd7 46. Qf5+ Kd8 47. Qd5+ Ke8 48. Qxb5+ Kf7
49. Qd7+ Kf8 50. Bg7+ Kg8 51. Be5 Kf8 52. Bd6+ Kg8 53. Qe8+ Kg7 54. Be5+ Kh6
55. Qf8+ Kg6 56. Qf6+ Kh7 57. Qg7# 1-0

[Event "DEM U16w 2023"]
[Site "Willingen GER"]
[Date "2023.05.28"]
[Round "2"]
[White "Wilmink, Anna"]
[Black "Trunz, Michelle"]
[Result "0-1"]
[Termination "normal"]
[Board "3"]
[WhiteElo "1734"]
[BlackElo "1972"]
[PlyCount "118"]
[WhiteFideId "16273680"]
[BlackFideId "16227980"]
[EventCountry "GER"]
[EventRounds "9"]
[EventType "swiss"]
[EventDate "2023.05.27"]

1. e4 {[%emt 0:49:57]} c5 {[%emt 0:00:04]} 2. Nf3 {[%emt 0:00:08]} d6 {[%emt
0:00:09]} 3. d4 {[%emt 0:00:04]} cxd4 {[%emt 0:00:04]} 4. Nxd4 {[%emt 0:00:05]}
Nf6 {[%emt 0:00:06]} 5. Nc3 {[%emt 0:00:09]} a6 {[%emt 0:00:06]} 6. h4 {[%emt
0:00:04]} e6 {[%emt 0:06:28]} 7. g4 {[%emt 0:00:12]} d5 {[%emt 0:01:48]} 8. e5
{[%emt 0:02:39]} Nfd7 {[%emt 0:00:20]} 9. f4 {[%emt 0:01:07]} Qc7 {[%emt
0:06:30]} 10. g5 {[%emt 0:05:40]} Bc5 {[%emt 0:01:49]} 11. h5 {[%emt 0:04:56]}
b5 {[%emt 0:02:52]} 12. Nb3 {[%emt 0:05:45]} Ba7 {[%emt 0:03:35]} 13. Rh3
{[%emt 0:04:17]} b4 {[%emt 0:04:21]} 14. Ne2 {[%emt 0:02:53]} Nc6 {[%emt
0:03:47]} 15. Qd3 {[%emt 0:04:52]} a5 {[%emt 0:01:05]} 16. Be3 {[%emt 0:04:35]}
Bxe3 {[%emt 0:07:55]} 17. Qxe3 {[%emt 0:01:21]} Ba6 {[%emt 0:00:45]} 18. g6
{[%emt 0:03:27]} fxg6 {[%emt 0:04:03]} 19. hxg6 {[%emt 0:02:15]} h6 {[%emt
0:00:58]} 20. Rh2 {[%emt 0:10:21]} a4 {[%emt 0:02:41]} 21. Nbd4 {[%emt
0:02:31]} Nxd4 {[%emt 0:01:22]} 22. Nxd4 {[%emt 0:00:27]} Bxf1 {[%emt 0:02:52]}
23. Nxe6 {[%emt 0:10:46]} Qc6 {[%emt 0:04:05]} 24. Nxg7+ {[%emt 0:00:26]} Kf8
{[%emt 0:01:33]} 25. Nh5 {[%emt 0:03:31]} Qxg6 {[%emt 0:00:29]} 26. Kxf1 {[%emt
0:00:28]} Rc8 {[%emt 0:05:13]} 27. f5 {[%emt 0:10:43]} Qg5 {[%emt 0:01:51]} 28.
Qe2 {[%emt 0:02:22]} Rg8 {[%emt 0:01:07]} 29. Rg2 {[%emt 0:01:56]} Qxg2+ {[%emt
0:00:37]} 30. Qxg2 {[%emt 0:00:28]} Rxg2 {[%emt 0:00:04]} 31. Kxg2 {[%emt
0:00:08]} Rxc2+ {[%emt 0:00:06]} 32. Kg3 {[%emt 0:00:28]} Nxe5 {[%emt 0:01:02]}
33. Re1 {[%emt 0:02:59]} Nc4 {[%emt 0:02:47]} 34. Nf6 {[%emt 0:04:08]} d4
{[%emt 0:02:22]} 35. Nd7+ {[%emt 0:01:17]} Kf7 {[%emt 0:01:42]} 36. f6 {[%emt
0:01:04]} Ne3 {[%emt 0:00:57]} 37. Kf3 {[%emt 0:05:30]} Rxb2 {[%emt 0:10:00]}
38. Rg1 {[%emt 0:00:48]} Nf5 {[%emt 0:03:43]} 39. Ke4 {[%emt 0:01:18]} Rf2
{[%emt 0:06:50]} 40. Rb1 {[%emt 0:02:14]} Ke6 41. Nc5+ Kxf6 42. Rxb4 a3 43. Nd3
Rxa2 44. Ra4 Kg5 45. Nb4 Re2+ 46. Kd3 Re3+ 47. Kd2 h5 48. Nc2 Rg3 49. Nxa3 h4
50. Nc2 h3 51. Ra8 h2 52. Rh8 Nh6 53. Nxd4 h1=Q 54. Rc8 Qh2+ 55. Ne2 Rg2 56.
Re8 Qf4+ 57. Ke1 Qf2+ 58. Kd1 Nf5 59. Re5 Qf1+ 0-1